| 000 | 00827cam a2200265 a 4500 | ||
|---|---|---|---|
| 001 | 2840767 | ||
| 003 | OSt | ||
| 005 | 20230620114349.0 | ||
| 008 | 840326s1984 nyu b 001 0 eng | ||
| 010 | _a 84005427 | ||
| 020 | _a0671458817 | ||
| 040 |
_aDLC _cDLC _dDLC |
||
| 043 | _an-us--- | ||
| 050 | 0 | 0 |
_aJA84.U5 _bR68 1984 |
| 082 | 0 | 0 |
_a320.5/13/0973 _219 _bROT |
| 100 | 1 | _aRothenberg, Randall. | |
| 245 | 1 | 4 |
_aThe neoliberals : _bcreating the new American politics / _cRandall Rothenberg. |
| 260 |
_aNew York : _bSimon and Schuster, _cc1984. |
||
| 300 |
_a287 p. ; _c25 cm. |
||
| 504 | _aIncludes bibliographical references and index. | ||
| 650 | 0 |
_aLiberalism _zUnited States. |
|
| 651 | 0 |
_aUnited States _xPolitics and government _y1945-1989. |
|
| 906 |
_a7 _bcbc _corignew _d1 _eocip _f19 _gy-gencatlg |
||
| 942 |
_2ddc _cBK |
||
| 999 |
_c1658 _d1658 |
||